A Variety of Plasmas - Proceedings of the 1989 International Conference on Plasma Physics (Record no. 1576)

MARC details
000 -LEADER
fixed length control field 00463nam a2200169Ia 4500
008 - FIXED-LENGTH DATA ELEMENTS--GENERAL INFORMATION
fixed length control field 221030s9999 xx 000 0 und d
020 ## - INTERNATIONAL STANDARD BOOK NUMBER
ISBN 0195628926
041 ## - LANGUAGE CODE
Language code of text/sound track or separate title
082 ## - DEWEY DECIMAL CLASSIFICATION NUMBER
Classification number 105.23
Item number Sen
100 ## - MAIN ENTRY--AUTHOR NAME
Personal name A. Sen
245 #2 - TITLE STATEMENT
Title A Variety of Plasmas - Proceedings of the 1989 International Conference on Plasma Physics
260 ## - PUBLICATION, DISTRIBUTION, ETC. (IMPRINT)
Name of publisher Indian Academy of Sciences
Place of publication Bangalore
Year of publication 1991
300 ## - PHYSICAL DESCRIPTION
Number of Pages 554
650 ## - SUBJECT ADDED ENTRY--TOPICAL TERM
Topical Term Physics
700 ## - ADDED ENTRY--PERSONAL NAME
Personal name P. K. Kaw
942 ## - ADDED ENTRY ELEMENTS (KOHA)
Koha item type Books
Holdings
Accession Number Full call number Price effective from Koha item type Withdrawn / writtenoff status Materials specified (bound volume or other part) Damaged status Not for loan Permanent Location Current Location Shelving location Date acquired Lost/ Missing status department
BE 309 105.23 Sen 10/30/2022 Books   Print   Not For Loan MIET Library, Jammu MIET Library, Jammu BL-Second, FL-1, CUP-16, SH-1, R-1 08/09/1999   BE